|
|
|
|
| LEADER |
00983nam a2200253 a 4500 |
| 001 |
3073386 |
| 008 |
090615s1998 cau b 001 0 eng d |
| 010 |
|
|
|a 97047607
|
| 020 |
|
|
|a 0761992464 (alk. paper)
|
| 020 |
|
|
|a 0761992472 (pbk. : alk. paper)
|
| 040 |
|
|
|a DLC
|c DLC
|d DLC
|
| 082 |
0 |
0 |
|a 658.4/06
|2 21
|
| 100 |
1 |
|
|a Nilakant, V.,
|d 1952-
|
| 245 |
1 |
0 |
|a Managing organisational change /
|c V. Nilakant, S. Ramnarayan.
|
| 260 |
|
|
|a Thousand Oaks, Calif. ;
|a New Delhi :
|b Sage Publications,
|c 1998.
|
| 300 |
|
|
|a 380 p. :
|b ill. ;
|c 27cm.
|
| 504 |
|
|
|a Includes bibliographical references and index.
|
| 541 |
1 |
|
|e 00011824
|
| 650 |
|
0 |
|a Organizational change.
|
| 700 |
1 |
|
|a Ramnarayan, S.
|
| 852 |
4 |
|
|a Ayesha Abed Library
|j General shelf
|
| 942 |
0 |
0 |
|0 1
|
| 999 |
|
|
|c 1375
|d 1375
|
| 952 |
|
|
|0 0
|1 0
|2 ddc
|4 0
|6 658_406000000000000_NIL
|7 0
|9 1254
|a BRACUL
|b BRACUL
|c GEN
|d 2009-06-25
|g 0.00
|l 2
|m 13
|o 658.406 NIL
|p 3010011824
|r 2016-01-16
|s 2015-09-20
|t 1
|w 2009-06-25
|y BK
|x No price found in the accession register.
|